Numéro de département Français - Statistiques

Statistiques générales
  • Ce quiz a été pris 176 fois
  • Le résultat moyen est 42 sur 50
Statistiques - réponses
Hint Réponse % Correct
01 Ain
100%
91 Essonne
100%
92 Hauts-de-Seine
100%
34 Hérault
100%
51 Marne
100%
90 Territoire-de-Belfort
100%
95 Val-d'Oise
100%
13 Bouches-du-Rhône
94%
50 Manche
93%
69 Rhône
93%
89 Yonne
93%
93 Seine-Saint-Denis
92%
2A Corse-du-Sud
91%
2B Haute-Corse
91%
75 Paris
91%
82 Tarn-et-Garonne
91%
10 Aube
90%
22 Côtes-d'Armor
90%
33 Gironde
90%
60 Oise
90%
29 Finistère
89%
42 Loire
89%
21 Côte-d'Or
88%
28 Eure-et-Loir
87%
52 Haute-Marne
87%
39 Jura
87%
57 Moselle
87%
94 Val-de-Marne
87%
78 Yvelines
87%
08 Ardennes
86%
87 Haute-Vienne
86%
41 Loir-et-Cher
86%
56 Morbihan
86%
77 Seine-et-Marne
86%
36 Indre
85%
37 Indre-et-Loire
85%
58 Nièvre
85%
59 Nord
85%
72 Sarthe
85%
86 Vienne
85%
02 Aisne
83%
15 Cantal
83%
19 Corrèze
83%
25 Doubs
83%
68 Haut-Rhin
83%
38 Isère
83%
44 Loire Atlantique
83%
48 Lozère
83%
73 Savoie
83%
81 Tarn
83%
17 Charente-Maritime
82%
46 Lot
82%
62 Pas-de-Calais
82%
88 Vosges
82%
06 Alpes-Maritimes
80%
79 Deux-Sèvres
80%
26 Drôme
80%
14 Calvados
79%
35 Ille-et-Vilaine
79%
66 Pyrénées-Orientales
79%
49 Maine-et-Loire
78%
07 Ardèche
77%
54 Meurthe-et-Moselle
77%
63 Puy-de-Dôme
77%
12 Aveyron
76%
30 Gard
76%
43 Haute-Loire
76%
74 Haute-Savoie
76%
04 Alpes de Haute-Provence
75%
27 Eure
75%
45 Loiret
75%
18 Cher
73%
80 Somme
73%
84 Vaucluse
73%
85 Vendée
73%
03 Allier
71%
11 Aude
71%
47 Lot-et-Garonne
71%
32 Gers
70%
40 Landes
70%
24 Dordogne
69%
67 Bas-Rhin
67%
05 Hautes-Alpes
67%
55 Meuse
67%
61 Orne
67%
31 Haute-Garonne
63%
53 Mayenne
63%
23 Creuse
62%
09 Ariège
60%
16 Charente
60%
71 Saône-et-Loire
60%
83 Var
60%
76 Seine-Maritime
58%
64 Pyrénées-Atlantiques
57%
70 Haute-Saône
56%
65 Hautes-Pyrénées
44%
Aucun quiz correspondant
Distribution des résultats
% des personnes avec chaque résultat
Percentile par nombre de réponses
Votre historique - résultats
Vous n’avez pas pris ce quiz